000 00919nam a2200265Ia 4500
003 OSt
005 20220923211439.0
006 a|||||r|||| 00| 0
007 ta
008 220922b |||||||| |||| 00| 0 hin d
020 _a9789350007815 (hbk)
_c295
024 _a264,307
037 _b1862, 16/07/2012, Kiran Book Service
_cTextual
040 _aARTS
_cARTS
_bhin
041 _2hin
_ahin
082 _aP152:g, Q2
100 _aपचौरी, सुधीश
_9156290
245 0 _aहिन्दी का नया जनक्षेत्र
246 _aHindī kā nayā janakṣhetra
260 _aनयी दिल्ली
_b वाणी प्रकाशन
_c2012
300 _a126पृ.
_ccm.
650 _aहिन्दी भाषा
942 _hP152:g, Q2
_cTEXL
_2CC
999 _c299637
_d299637